South West Region Letter Scramble - Statistics

General Stats
  • This quiz has been taken 11 times
  • The average score is 7 of 8
Answer Stats
Hint Answer % Correct
taxes Texas
100%
xem coiewn New Mexico
89%
klahomoa Oklahoma
89%
klahomoa ticy Oklahoma City
89%
xineohp Phoenix
89%
ozriaan Arizona
78%
stinua Austin
78%
tafes an Santa Fe
67%
No matching quizzes found
Score Distribution
Percent of People with Each Score
Percentile by Number Answered
Your Score History
You have not taken this quiz